[Event "55th Rubinstein Memorial-A 2019"]
[Site "Polanica-Zdroj"]
[Date "2019.08.25"]
[Round "9.8"]
[White "Jaroch, Karol"]
[Black "Kucza, Karol"]
[Result "1/2-1/2"]
[WhiteElo "2231"]
[BlackElo "2296"]
[Annotator "NA"]
[PlyCount "82"]
[EventDate "2019.08.17"]
[EventType "swiss"]
[EventCountry "POL"]
[SourceTitle "playchess.com"]
[Source "ChessBase"]
[SourceQuality "1"]
[TimeControl "40/5400+30:1800+30"]

1. e4 {[%emt 0:00:00]} e5 {[%emt 0:00:00]} 2. Nf3 {[%emt 0:00:00]} Nc6 {[%emt 0:00:00]} 3. Bc4 {[%emt 0:00:00]} Nf6 {[%emt 0:00:00]} 4. d3 {[%emt 0:00:02]} Be7 {[%emt 0:00:10]} 5. O-O {[%emt 0:02:46]} O-O {[%emt 0:00:06]} 6. Nc3 {[%emt 0:01:59]} d6 {[%emt 0:00:20]} 7. h3 {[%emt 0:01:42]} Na5 {[%emt 0:01:25]} 8. Bb5 {[%emt 0:01:53]} a6 {[%emt 0:00:27]} 9. Ba4 {[%emt 0:00:03]} b5 {[%emt 0:00:06]} 10. Bb3 {[%emt 0:00:04]} Nxb3 {[%emt 0:00:05]} 11. axb3 {[%emt 0:00:05]} b4 {[%emt 0:02:32]} 12. Ne2 {[%emt 0:01:15]} c5 {[%emt 0:00:08]} 13. Ng3 {[%emt 0:01:57]} h6 {[%emt 0:03:51]} 14. c4 {[%emt 0:02:35]} Ne8 {[%emt 0:13:20]} 15. Be3 {[%emt 0:06:58]} Nc7 {[%emt 0:00:33]} 16. Nd2 {[%emt 0:05:12]} Bg5 {[%emt 0:11:07]} 17. Nf5 {[%emt 0:10:58]} Kh7 {[%emt 0:05:08]} 18. Bxg5 {[%emt 0:19:19]} hxg5 {[%emt 0:00:12]} 19. Qh5+ {[%emt 0:00:10]} Kg8 {[%emt 0:00:08]} 20. Nf3 {[%emt 0:00:08]} Ne6 {[%emt 0:08:16]} 21. g3 {[%emt 0:14:52]} Ra7 {[%emt 0:00:12]} 22. h4 {[%emt 0:02:57]} g6 {[%emt 0:09:22]} 23. Qh6 {[%emt 0:00:14]} gxf5 {[%emt 0:00:09]} 24. exf5 {[%emt 0:01:52]} f6 {[%emt 0:00:07]} 25. fxe6 {[%emt 0:00:23]} Qe8 {[%emt 0:01:07]} 26. hxg5 {[%emt 0:04:39]} Rh7 {[%emt 0:01:20]} 27. e7 {[%emt 0:00:07]} Qxe7 {[%emt 0:19:38]} 28. gxf6 {[%emt 0:01:46]} Rxf6 {[%emt 0:00:05]} 29. Qg5+ {[%emt 0:00:08]} Rg7 {[%emt 0:00:03]} 30. Qe3 {[%emt 0:00:20]} Bb7 {[%emt 0:00:06]} 31. Nd2 {[%emt 0:02:31]} Rf4 {[%emt 0:01:35]} 32. f3 {[%emt 0:02:48]} Qh4 {[%emt 0:02:06]} 33. Kf2 {[%emt 0:00:03]} Qh2+ {[%emt 0:02:54]} 34. Ke1 {[%emt 0:00:07]} Rxg3 {[%emt 0:00:10]} 35. Rd1 {[%emt 0:04:41]} Rg2 {[%emt 0:12:04]} 36. Rf2 {[%emt 0:00:06]} Rh4 {[%emt 0:01:50]} 37. Ke2 {[%emt 0:00:57]} Rxf2+ {[%emt 0:00:19]} 38. Qxf2 {[%emt 0:00:03]} Qxf2+ {[%emt 0:00:14]} 39. Kxf2 {[%emt 0:00:02]} Rh2+ {[%emt 0:00:21]} 40. Ke3 {[%emt 0:00:00]} Kf7 {[%emt 0:00:00]} 41. Rg1 {[%emt 0:01:13]} Bc6 {[%emt 0:05:18] Ke4} 1/2-1/2

[Event "55th Rubinstein Memorial-A 2019"]
[Site "Polanica-Zdroj"]
[Date "2019.08.25"]
[Round "9.9"]
[White "Lukasiewicz, Krzysztof"]
[Black "Oleksy, Krzysztof"]
[Result "1/2-1/2"]
[WhiteElo "2185"]
[BlackElo "1840"]
[Annotator "NA"]
[PlyCount "98"]
[EventDate "2019.08.17"]
[EventType "swiss"]
[EventCountry "POL"]
[SourceTitle "playchess.com"]
[Source "ChessBase"]
[SourceQuality "1"]
[TimeControl "40/5400+30:1800+30"]

1. d4 {[%emt 0:00:00]} Nf6 {[%emt 0:00:00]} 2. Bf4 {[%emt 0:00:00]} g6 {[%emt 0:00:31]} 3. Nc3 {[%emt 0:00:00]} d5 {[%emt 0:01:25]} 4. e3 {[%emt 0:00:00]} Bg7 {[%emt 0:00:11]} 5. h4 {[%emt 0:00:01]} h5 {[%emt 0:00:42]} 6. Be2 {[%emt 0:01:01]} c5 {[%emt 0:08:26]} 7. Nb5 {[%emt 0:05:50]} Na6 {[%emt 0:02:50]} 8. c3 {[%emt 0:01:06]} O-O {[%emt 0:01:13]} 9. Nf3 {[%emt 0:01:46]} Bg4 {[%emt 0:09:45]} 10. Ne5 {[%emt 0:04:45]} Bxe2 {[%emt 0:01:04]} 11. Qxe2 {[%emt 0:00:05]} Nb8 {[%emt 0:12:14]} 12. dxc5 {[%emt 0:01:26]} Nc6 {[%emt 0:12:53]} 13. Nxc6 {[%emt 0:00:27]} bxc6 {[%emt 0:00:25]} 14. Nd4 {[%emt 0:00:03]} Qd7 {[%emt 0:01:00]} 15. Be5 {[%emt 0:12:50]} Ne4 {[%emt 0:02:56]} 16. Bxg7 {[%emt 0:00:04]} Kxg7 {[%emt 0:00:07]} 17. b4 {[%emt 0:00:43]} e5 {[%emt 0:08:09]} 18. Nf3 {[%emt 0:00:11]} f6 {[%emt 0:01:36]} 19. Qc2 {[%emt 0:02:14]} a5 {[%emt 0:02:40]} 20. a3 {[%emt 0:02:12]} Qg4 {[%emt 0:01:57]} 21. O-O {[%emt 0:01:28]} Rae8 {[%emt 0:05:50]} 22. Rac1 {[%emt 0:09:41]} g5 {[%emt 0:02:35]} 23. c4 {[%emt 0:10:24]} gxh4 {[%emt 0:05:35]} 24. Nh2 {[%emt 0:02:24]} Qg6 {[%emt 0:06:47]} 25. cxd5 {[%emt 0:05:58]} cxd5 {[%emt 0:01:13]} 26. Qd3 {[%emt 0:18:38]} h3 {[%emt 0:02:17]} 27. g3 {[%emt 0:00:01]} h4 {[%emt 0:01:14]} 28. g4 {[%emt 0:00:03]} f5 {[%emt 0:03:06]} 29. f3 {[%emt 0:07:39]} Ng3 {[%emt 0:01:57]} 30. Rf2 {[%emt 0:01:49]} fxg4 {[%emt 0:02:57]} 31. Qxg6+ {[%emt 0:00:04]} Kxg6 {[%emt 0:00:03]} 32. Nxg4 {[%emt 0:00:04]} Rxf3 {[%emt 0:01:43]} 33. Rxf3 {[%emt 0:00:07]} Ne2+ {[%emt 0:00:07]} 34. Kh2 {[%emt 0:00:02]} Nxc1 {[%emt 0:00:10]} 35. Kxh3 {[%emt 0:02:44]} axb4 {[%emt 0:00:45]} 36. axb4 {[%emt 0:00:02]} Nd3 {[%emt 0:00:32]} 37. Rf6+ {[%emt 0:01:04]} Kg5 {[%emt 0:00:54]} 38. Rb6 {[%emt 0:00:02]} d4 {[%emt 0:00:28]} 39. c6 {[%emt 0:07:39]} Rc8 {[%emt 0:00:26]} 40. Rb5 {[%emt 0:00:00]} Rxc6 {[%emt 0:00:00]} 41. Nxe5 {[%emt 0:09:10]} Nxe5 {[%emt 0:04:30]} 42. Rxe5+ {[%emt 0:00:08]} Kf6 {[%emt 0:01:34]} 43. exd4 {[%emt 0:00:04]} Rc4 {[%emt 0:00:50]} 44. Re4 {[%emt 0:00:05]} Rxb4 {[%emt 0:00:55]} 45. Rxh4 {[%emt 0:00:04]} Ke7 {[%emt 0:01:17]} 46. Kg3 {[%emt 0:00:19]} Kd6 {[%emt 0:00:19]} 47. Kf3 {[%emt 0:00:02]} Kd5 {[%emt 0:00:22]} 48. Ke3 {[%emt 0:00:05]} Rb3+ {[%emt 0:00:16]} 49. Kd2 {[%emt 0:00:03]} Rg3 {[%emt 0:00:50]} 1/2-1/2

[Event "55th Rubinstein Memorial-A 2019"]
[Site "Polanica-Zdroj"]
[Date "2019.08.25"]
[Round "9.10"]
[White "Lapaj, Mateusz"]
[Black "Malicka, Maria"]
[Result "1/2-1/2"]
[WhiteElo "2233"]
[BlackElo "2062"]
[Annotator "NA"]
[PlyCount "66"]
[EventDate "2019.08.17"]
[EventType "swiss"]
[EventCountry "POL"]
[SourceTitle "playchess.com"]
[Source "ChessBase"]
[SourceQuality "1"]
[TimeControl "40/5400+30:1800+30"]

1. d4 {[%emt 0:01:40]} Nf6 {[%emt 0:00:00]} 2. Bg5 {[%emt 0:01:20]} Ne4 {[%emt 0:00:00]} 3. Bf4 {[%emt 0:00:01]} c5 {[%emt 0:00:00]} 4. f3 {[%emt 0:00:06]} Qa5+ {[%emt 0:00:37]} 5. c3 {[%emt 0:00:06]} Nf6 {[%emt 0:00:03]} 6. d5 {[%emt 0:00:10]} e6 {[%emt 0:00:42]} 7. e4 {[%emt 0:00:08]} exd5 {[%emt 0:00:06]} 8. exd5 {[%emt 0:00:06]} d6 {[%emt 0:00:06]} 9. Qd2 {[%emt 0:20:33]} Be7 {[%emt 0:07:12]} 10. c4 {[%emt 0:00:46]} Qxd2+ {[%emt 0:00:12]} 11. Kxd2 {[%emt 0:01:47]} O-O {[%emt 0:09:14]} 12. Nc3 {[%emt 0:00:06]} a6 {[%emt 0:01:44]} 13. a4 {[%emt 0:05:16]} b6 {[%emt 0:01:34]} 14. Bd3 {[%emt 0:00:23]} Nh5 {[%emt 0:04:35]} 15. Be3 {[%emt 0:01:25]} f5 {[%emt 0:00:24]} 16. Nge2 {[%emt 0:01:21]} Nd7 {[%emt 0:07:19]} 17. Nf4 {[%emt 0:17:22]} Nxf4 {[%emt 0:00:44]} 18. Bxf4 {[%emt 0:02:33]} Ne5 {[%emt 0:10:41]} 19. Rhb1 {[%emt 0:09:50]} Bf6 {[%emt 0:20:00]} 20. b4 {[%emt 0:03:43]} g5 {[%emt 0:00:13]} 21. Bxe5 {[%emt 0:00:40]} Bxe5 {[%emt 0:00:04]} 22. g3 {[%emt 0:02:39]} Rf7 {[%emt 0:04:38]} 23. a5 {[%emt 0:01:08]} cxb4 {[%emt 0:00:15]} 24. Rxb4 {[%emt 0:00:07]} bxa5 {[%emt 0:00:25]} 25. Rxa5 {[%emt 0:00:07]} Bd4 {[%emt 0:03:59]} 26. Rb1 {[%emt 0:08:59]} Kg7 {[%emt 0:02:34]} 27. Na4 {[%emt 0:01:13]} Raa7 {[%emt 0:09:40]} 28. Rb8 {[%emt 0:05:43]} Rac7 {[%emt 0:03:31]} 29. c5 {[%emt 0:08:50]} dxc5 {[%emt 0:02:01]} 30. Nb6 {[%emt 0:02:09]} Rb7 {[%emt 0:04:17]} 31. Rxb7 {[%emt 0:00:25]} Bxb7 {[%emt 0:00:14]} 32. Bxa6 {[%emt 0:00:13]} Rf6 {[%emt 0:01:15]} 33. Bxb7 {[%emt 0:00:33]} Rxb6 {[%emt 0:00:01]} 1/2-1/2

[Event "55th Rubinstein Memorial-A 2019"]
[Site "Polanica-Zdroj"]
[Date "2019.08.25"]
[Round "9.11"]
[White "Jaskolka, Tomasz"]
[Black "Zych, Marek"]
[Result "1-0"]
[WhiteElo "2227"]
[BlackElo "2061"]
[Annotator "NA"]
[PlyCount "103"]
[EventDate "2019.08.17"]
[EventType "swiss"]
[EventCountry "POL"]
[SourceTitle "playchess.com"]
[Source "ChessBase"]
[SourceQuality "1"]
[TimeControl "40/5400+30:1800+30"]

1. d4 {[%emt 0:00:00]} Nf6 {[%emt 0:01:40]} 2. c4 {[%emt 0:00:57]} g6 {[%emt 0:00:19]} 3. Nc3 {[%emt 0:00:03]} d5 {[%emt 0:00:12]} 4. cxd5 {[%emt 0:06:52]} Nxd5 {[%emt 0:01:38]} 5. Na4 {[%emt 0:00:03]} Bg7 {[%emt 0:05:24]} 6. Nf3 {[%emt 0:00:05]} Bg4 {[%emt 0:01:17]} 7. e4 {[%emt 0:04:32]} Nb6 {[%emt 0:01:34]} 8. Be3 {[%emt 0:02:36]} Nxa4 {[%emt 0:01:43]} 9. Qxa4+ {[%emt 0:00:06]} Nd7 {[%emt 0:00:49]} 10. Ne5 {[%emt 0:10:02]} Bxe5 {[%emt 0:02:29]} 11. dxe5 {[%emt 0:02:37]} O-O {[%emt 0:00:29]} 12. h3 {[%emt 0:02:20]} Be6 {[%emt 0:00:48]} 13. f4 {[%emt 0:00:38]} Nb6 {[%emt 0:03:10]} 14. Qc2 {[%emt 0:01:11]} f5 {[%emt 0:02:46]} 15. Rd1 {[%emt 0:07:20]} Qc8 {[%emt 0:00:58]} 16. Bd3 {[%emt 0:10:53]} c6 {[%emt 0:06:25]} 17. g4 {[%emt 0:22:15]} fxe4 {[%emt 0:07:41]} 18. Bxe4 {[%emt 0:00:06]} Nd5 {[%emt 0:03:10]} 19. Bc1 {[%emt 0:03:42]} Nxf4 {[%emt 0:03:18]} 20. Bxf4 {[%emt 0:01:23]} Rxf4 {[%emt 0:00:36]} 21. Bxg6 {[%emt 0:00:11]} Qc7 {[%emt 0:02:56]} 22. Bxh7+ {[%emt 0:02:52]} Kh8 {[%emt 0:01:35]} 23. Rh2 {[%emt 0:00:28]} Raf8 {[%emt 0:04:48]} 24. Bd3 {[%emt 0:03:53]} Qxe5+ {[%emt 0:01:16]} 25. Re2 {[%emt 0:02:57]} Qa5+ {[%emt 0:08:52]} 26. Qc3+ {[%emt 0:00:13]} Qxc3+ {[%emt 0:00:34]} 27. bxc3 {[%emt 0:00:05]} Rf1+ {[%emt 0:04:58]} 28. Kd2 {[%emt 0:01:29]} Bxa2 {[%emt 0:02:41]} 29. Rxf1 {[%emt 0:01:49]} Rxf1 {[%emt 0:00:55]} 30. Rxe7 {[%emt 0:00:10]} Rf7 {[%emt 0:00:32]} 31. Re1 {[%emt 0:03:12]} Bd5 {[%emt 0:00:46]} 32. c4 {[%emt 0:05:43]} Bf3 {[%emt 0:03:16]} 33. Bf5 {[%emt 0:00:18]} b5 {[%emt 0:01:29]} 34. Re3 {[%emt 0:01:10]} Bg2 {[%emt 0:00:24]} 35. h4 {[%emt 0:02:58]} a5 {[%emt 0:06:34]} 36. h5 {[%emt 0:00:12]} Kg7 {[%emt 0:00:46]} 37. Re6 {[%emt 0:00:37]} Rf6 {[%emt 0:01:46]} 38. Rxf6 {[%emt 0:00:33]} Kxf6 {[%emt 0:00:08]} 39. h6 {[%emt 0:00:05]} Bf1 {[%emt 0:02:01]} 40. g5+ {[%emt 0:00:00]} Kf7 {[%emt 0:00:00]} 41. cxb5 {[%emt 0:14:50]} cxb5 {[%emt 0:02:27]} 42. Kc3 {[%emt 0:00:08]} a4 {[%emt 0:03:10]} 43. Kd4 {[%emt 0:07:09]} a3 {[%emt 0:00:46]} 44. Ke5 {[%emt 0:00:59]} a2 {[%emt 0:03:28]} 45. Be6+ {[%emt 0:00:03]} Kg6 {[%emt 0:00:03]} 46. Bxa2 {[%emt 0:00:48]} Bd3 {[%emt 0:00:15]} 47. Kf4 {[%emt 0:00:42]} Kh7 {[%emt 0:21:17]} 48. Bd5 {[%emt 0:00:18]} Kh8 {[%emt 0:00:20]} 49. Be4 {[%emt 0:00:18]} Bc4 {[%emt 0:00:49]} 50. g6 {[%emt 0:01:08]} Kg8 {[%emt 0:01:09]} 51. Kg5 {[%emt 0:00:43]} Bf7 52. g7 1-0

[Event "55th Rubinstein Memorial-A 2019"]
[Site "Polanica-Zdroj"]
[Date "2019.08.25"]
[Round "9.12"]
[White "Derylo, Kamil"]
[Black "Niedbala, Bartlomiej"]
[Result "1-0"]
[WhiteElo "2030"]
[BlackElo "2169"]
[Annotator "NA"]
[PlyCount "87"]
[EventDate "2019.08.17"]
[EventType "swiss"]
[EventCountry "POL"]
[SourceTitle "playchess.com"]
[Source "ChessBase"]
[SourceQuality "1"]
[TimeControl "40/5400+30:1800+30"]

1. e4 {[%emt 0:00:00]} c6 {[%emt 0:03:34]} 2. d4 {[%emt 0:00:09]} d5 {[%emt 0:00:06]} 3. exd5 {[%emt 0:00:22]} cxd5 {[%emt 0:00:05]} 4. Bd3 {[%emt 0:00:20]} Nc6 {[%emt 0:02:26]} 5. c3 {[%emt 0:00:10]} g6 {[%emt 0:01:27]} 6. Nf3 {[%emt 0:01:12]} Bf5 {[%emt 0:02:34]} 7. Bf4 {[%emt 0:01:10]} Nf6 {[%emt 0:01:19]} 8. h3 {[%emt 0:01:58]} Bg7 {[%emt 0:12:36]} 9. O-O {[%emt 0:00:56]} O-O {[%emt 0:00:33]} 10. Bxf5 {[%emt 0:07:24]} gxf5 {[%emt 0:00:57]} 11. Ne1 {[%emt 0:01:04]} e6 {[%emt 0:02:41]} 12. Nd3 {[%emt 0:00:16]} Ne7 {[%emt 0:03:49]} 13. Re1 {[%emt 0:02:27]} Ng6 {[%emt 0:02:22]} 14. Bh2 {[%emt 0:00:42]} Ne4 {[%emt 0:03:48]} 15. f3 {[%emt 0:00:30]} Nf6 {[%emt 0:04:05]} 16. Nd2 {[%emt 0:00:32]} Bh6 {[%emt 0:02:08]} 17. Ne5 {[%emt 0:09:25]} f4 {[%emt 0:02:18]} 18. Nb3 {[%emt 0:03:51]} Nh5 {[%emt 0:09:11]} 19. Nc5 {[%emt 0:05:49]} b6 {[%emt 0:02:20]} 20. Ncd3 {[%emt 0:00:44]} Qh4 {[%emt 0:11:28]} 21. Qd2 {[%emt 0:04:05]} Kg7 {[%emt 0:02:35]} 22. a4 {[%emt 0:03:56]} Ng3 {[%emt 0:09:11]} 23. a5 {[%emt 0:01:53]} Rfe8 {[%emt 0:02:38]} 24. Ra2 {[%emt 0:01:55]} f6 {[%emt 0:03:46]} 25. Nxg6 {[%emt 0:02:20]} hxg6 {[%emt 0:00:03]} 26. axb6 {[%emt 0:01:13]} axb6 {[%emt 0:00:01]} 27. Rxa8 {[%emt 0:02:41]} Rxa8 {[%emt 0:00:01]} 28. Rxe6 {[%emt 0:00:09]} Ne4 {[%emt 0:05:18]} 29. Qc1 {[%emt 0:04:06]} Ng5 {[%emt 0:02:33]} 30. Rxb6 {[%emt 0:02:14]} Re8 {[%emt 0:00:01]} 31. Nf2 {[%emt 0:02:50]} Re2 {[%emt 0:03:29]} 32. Qf1 {[%emt 0:01:18]} Re3 {[%emt 0:00:02]} 33. Qd1 {[%emt 0:02:22]} f5 {[%emt 0:03:27]} 34. Kf1 {[%emt 0:01:19]} Kh7 {[%emt 0:00:41]} 35. Bg1 {[%emt 0:02:45]} Bg7 {[%emt 0:00:38]} 36. Nd3 {[%emt 0:02:02]} Re6 {[%emt 0:02:57]} 37. Bf2 {[%emt 0:01:07]} Qh6 {[%emt 0:00:02]} 38. Rxe6 {[%emt 0:04:20]} Nxe6 {[%emt 0:00:01]} 39. Qb3 {[%emt 0:00:54]} Qg5 {[%emt 0:00:42]} 40. Qxd5 {[%emt 0:00:00]} Qe7 {[%emt 0:00:00]} 41. Ne5 {[%emt 0:03:19]} Bxe5 {[%emt 0:01:08]} 42. Qxe5 {[%emt 0:02:22]} Qd7 {[%emt 0:00:56]} 43. d5 {[%emt 0:00:58]} Qb5+ {[%emt 0:00:39]} 44. Kg1 {[%emt 0:01:37]} 1-0

[Event "55th Rubinstein Memorial-A 2019"]
[Site "Polanica-Zdroj"]
[Date "2019.08.25"]
[Round "9.13"]
[White "Wisniewski, Michal"]
[Black "Stachecki, Mikolaj"]
[Result "1-0"]
[WhiteElo "2130"]
[BlackElo "1765"]
[Annotator "NA"]
[PlyCount "79"]
[EventDate "2019.08.17"]
[EventType "swiss"]
[EventCountry "POL"]
[SourceTitle "playchess.com"]
[Source "ChessBase"]
[SourceQuality "1"]
[TimeControl "40/5400+30:1800+30"]

1. Nf3 {[%emt 0:00:00]} Nf6 {[%emt 0:00:00]} 2. c4 {[%emt 0:00:13]} g6 {[%emt 0:00:00]} 3. g3 {[%emt 0:00:03]} Bg7 {[%emt 0:00:00]} 4. Bg2 {[%emt 0:00:03]} O-O {[%emt 0:00:00]} 5. O-O {[%emt 0:00:03]} d6 {[%emt 0:00:00]} 6. Nc3 {[%emt 0:00:05]} Nbd7 {[%emt 0:00:19]} 7. Rb1 {[%emt 0:00:35]} a5 {[%emt 0:05:32]} 8. a3 {[%emt 0:00:08]} e5 {[%emt 0:00:50]} 9. d3 {[%emt 0:00:07]} c6 {[%emt 0:02:32]} 10. Bg5 {[%emt 0:03:10]} h6 {[%emt 0:01:42]} 11. Bxf6 {[%emt 0:00:05]} Nxf6 {[%emt 0:00:29]} 12. b4 {[%emt 0:00:51]} Qe7 {[%emt 0:13:28]} 13. Nd2 {[%emt 0:02:32]} Be6 {[%emt 0:09:38]} 14. b5 {[%emt 0:03:26]} Qc7 {[%emt 0:08:48]} 15. Qa4 {[%emt 0:05:27]} Rfc8 {[%emt 0:05:17]} 16. Rb3 {[%emt 0:10:54]} Nd7 {[%emt 0:01:47]} 17. Rbb1 {[%emt 0:01:45]} Nc5 {[%emt 0:04:32]} 18. Qc2 {[%emt 0:00:08]} Rab8 {[%emt 0:16:42]} 19. Rfc1 {[%emt 0:07:05]} Qd7 {[%emt 0:01:38]} 20. Na4 {[%emt 0:00:43]} cxb5 {[%emt 0:02:29]} 21. Nb6 {[%emt 0:00:09]} Qc7 {[%emt 0:01:43]} 22. Nxc8 {[%emt 0:01:29]} Rxc8 {[%emt 0:00:03]} 23. Rxb5 {[%emt 0:04:29]} Bd7 {[%emt 0:00:44]} 24. Rb2 {[%emt 0:05:38]} e4 {[%emt 0:01:38]} 25. Nxe4 {[%emt 0:00:08]} Bxb2 {[%emt 0:00:58]} 26. Qxb2 {[%emt 0:00:01]} Nxe4 {[%emt 0:00:13]} 27. Bxe4 {[%emt 0:00:07]} b5 {[%emt 0:03:10]} 28. Bd5 {[%emt 0:04:23]} Qd8 {[%emt 0:02:58]} 29. cxb5 {[%emt 0:01:17]} Rxc1+ {[%emt 0:00:33]} 30. Qxc1 {[%emt 0:00:01]} Bxb5 {[%emt 0:00:12]} 31. Qxh6 {[%emt 0:00:04]} Qf6 {[%emt 0:00:21]} 32. Qf4 {[%emt 0:00:18]} Qe7 {[%emt 0:01:03]} 33. Qe4 {[%emt 0:00:43]} Qf6 {[%emt 0:00:18]} 34. Kg2 {[%emt 0:00:05]} Bd7 {[%emt 0:01:17]} 35. Qf4 {[%emt 0:02:15]} Qe7 {[%emt 0:03:35]} 36. e3 {[%emt 0:00:17]} Bf5 {[%emt 0:01:34]} 37. e4 {[%emt 0:00:19]} Bc8 {[%emt 0:00:13]} 38. h4 {[%emt 0:00:07]} Qd7 {[%emt 0:01:13]} 39. Qf6 {[%emt 0:00:18]} Kf8 {[%emt 0:01:41]} 40. h5 {[%emt 0:00:00]} 1-0

[Event "55th Rubinstein Memorial-A 2019"]
[Site "Polanica-Zdroj"]
[Date "2019.08.25"]
[Round "9.14"]
[White "Slomczewski, Michal"]
[Black "Skurniak, Szymon"]
[Result "1/2-1/2"]
[WhiteElo "2115"]
[BlackElo "1962"]
[Annotator "NA"]
[PlyCount "91"]
[EventDate "2019.08.17"]
[EventType "swiss"]
[EventCountry "POL"]
[SourceTitle "playchess.com"]
[Source "ChessBase"]
[SourceQuality "1"]
[TimeControl "40/5400+30:1800+30"]

1. c4 {[%emt 0:02:57]} e5 {[%emt 0:00:00]} 2. a3 {[%emt 0:00:19]} c6 {[%emt 0:01:12]} 3. e3 {[%emt 0:02:45]} d5 {[%emt 0:04:29]} 4. b4 {[%emt 0:00:44]} Be6 {[%emt 0:02:43]} 5. Bb2 {[%emt 0:01:36]} Bd6 {[%emt 0:09:46]} 6. Qc2 {[%emt 0:00:53]} f5 {[%emt 0:04:02]} 7. f4 {[%emt 0:08:30]} exf4 {[%emt 0:10:26]} 8. exf4 {[%emt 0:00:53]} Bxf4 {[%emt 0:01:02]} 9. Nh3 {[%emt 0:09:57]} Bh6 {[%emt 0:06:27]} 10. Bd3 {[%emt 0:00:22]} Qh4+ {[%emt 0:00:05]} 11. Nf2 {[%emt 0:00:05]} Ne7 {[%emt 0:06:28]} 12. c5 {[%emt 0:03:33]} O-O {[%emt 0:11:54]} 13. Nc3 {[%emt 0:01:33]} a5 {[%emt 0:04:21]} 14. O-O {[%emt 0:06:04]} axb4 {[%emt 0:09:10]} 15. axb4 {[%emt 0:00:10]} Bf4 {[%emt 0:00:02]} 16. Nh3 {[%emt 0:06:17]} Rxa1 {[%emt 0:00:52]} 17. Rxa1 {[%emt 0:01:14]} Bc7 {[%emt 0:00:05]} 18. Ne2 {[%emt 0:11:09]} f4 {[%emt 0:05:22]} 19. Qc3 {[%emt 0:17:00]} Rf7 {[%emt 0:03:50]} 20. Nhxf4 {[%emt 0:00:16]} Bxf4 {[%emt 0:01:08]} 21. g3 {[%emt 0:00:06]} Qg5 {[%emt 0:00:54]} 22. Nxf4 {[%emt 0:00:26]} Rxf4 {[%emt 0:00:35]} 23. Qe5 {[%emt 0:03:40]} Qxe5 {[%emt 0:00:21]} 24. Bxe5 {[%emt 0:00:02]} Rf8 {[%emt 0:00:54]} 25. Bd6 {[%emt 0:00:41]} Rf3 {[%emt 0:04:39]} 26. Be2 {[%emt 0:03:07]} Rb3 {[%emt 0:00:01]} 27. Bxe7 {[%emt 0:00:30]} Rxb4 {[%emt 0:01:01]} 28. Ra8 {[%emt 0:09:45]} Kf7 {[%emt 0:00:04]} 29. Rxb8 {[%emt 0:00:05]} Kxe7 {[%emt 0:00:04]} 30. Ba6 {[%emt 0:00:06]} Bf5 {[%emt 0:02:36]} 31. Rxb7+ {[%emt 0:02:57]} Rxb7 {[%emt 0:00:10]} 32. Bxb7 {[%emt 0:00:02]} Kd7 {[%emt 0:00:05]} 33. Ba6 {[%emt 0:01:05]} g5 {[%emt 0:00:04]} 34. d4 {[%emt 0:00:17]} Ke6 {[%emt 0:00:14]} 35. Kf2 {[%emt 0:01:00]} Kf6 {[%emt 0:02:31]} 36. Ke3 {[%emt 0:01:14]} Bd7 {[%emt 0:00:48]} 37. Kf3 {[%emt 0:02:53]} h5 {[%emt 0:00:32]} 38. h4 {[%emt 0:01:04]} Kf5 {[%emt 0:00:39]} 39. Bd3+ {[%emt 0:00:50]} Kf6 {[%emt 0:00:05]} 40. Ke3 {[%emt 0:00:00]} Bc8 {[%emt 0:00:00]} 41. Be2 {[%emt 0:02:30]} Kg6 {[%emt 0:03:29]} 42. Kd2 {[%emt 0:02:46]} Bg4 {[%emt 0:06:22]} 43. Ba6 {[%emt 0:07:33]} Bd7 {[%emt 0:00:58]} 44. Bd3+ {[%emt 0:04:57]} Bf5 {[%emt 0:00:44]} 45. Be2 {[%emt 0:00:19]} Bg4 {[%emt 0:01:09]} 46. Ba6 {[%emt 0:04:04]} 1/2-1/2

[Event "55th Rubinstein Memorial-A 2019"]
[Site "Polanica-Zdroj"]
[Date "2019.08.25"]
[Round "9.15"]
[White "Butyrowski, Marcel"]
[Black "Praczukowski, Stanislaw"]
[Result "1/2-1/2"]
[WhiteElo "1913"]
[BlackElo "2126"]
[Annotator "NA"]
[PlyCount "68"]
[EventDate "2019.08.17"]
[EventType "swiss"]
[EventCountry "POL"]
[SourceTitle "playchess.com"]
[Source "ChessBase"]
[SourceQuality "1"]
[TimeControl "40/5400+30:1800+30"]

1. d4 {[%emt 0:00:00]} Nf6 {[%emt 0:00:00]} 2. c4 {[%emt 0:00:11]} g6 {[%emt 0:00:00]} 3. g3 {[%emt 0:00:31]} Bg7 {[%emt 0:00:00]} 4. Bg2 {[%emt 0:00:15]} O-O {[%emt 0:00:00]} 5. Nc3 {[%emt 0:00:42]} d6 {[%emt 0:00:17]} 6. Nf3 {[%emt 0:00:17]} Nc6 {[%emt 0:00:12]} 7. O-O {[%emt 0:01:02]} Bg4 {[%emt 0:00:06]} 8. b3 {[%emt 0:05:08]} Nd7 {[%emt 0:02:19]} 9. Be3 {[%emt 0:07:24]} e5 {[%emt 0:08:30]} 10. d5 {[%emt 0:01:57]} Ne7 {[%emt 0:02:33]} 11. Rc1 {[%emt 0:04:32]} f5 {[%emt 0:08:13]} 12. Ng5 {[%emt 0:04:35]} f4 {[%emt 0:00:55]} 13. Bd2 {[%emt 0:00:38]} h6 {[%emt 0:07:09]} 14. Nge4 {[%emt 0:04:50]} Bh5 {[%emt 0:09:02]} 15. b4 {[%emt 0:05:22]} a5 {[%emt 0:01:17]} 16. a3 {[%emt 0:02:19]} axb4 {[%emt 0:02:22]} 17. axb4 {[%emt 0:00:43]} Nf6 {[%emt 0:03:29]} 18. Nxf6+ {[%emt 0:03:39]} Bxf6 {[%emt 0:00:41]} 19. Ne4 {[%emt 0:01:06]} g5 {[%emt 0:02:58]} 20. f3 {[%emt 0:12:29]} Bg6 {[%emt 0:03:05]} 21. gxf4 {[%emt 0:02:44]} gxf4 {[%emt 0:01:15]} 22. Kh1 {[%emt 0:02:24]} Nf5 {[%emt 0:03:14]} 23. Bh3 {[%emt 0:01:18]} Kh7 {[%emt 0:01:41]} 24. Bxf5 {[%emt 0:03:10]} Bxf5 {[%emt 0:00:07]} 25. e3 {[%emt 0:00:15]} Bxe4 {[%emt 0:06:18]} 26. fxe4 {[%emt 0:00:07]} fxe3 {[%emt 0:01:10]} 27. Bxe3 {[%emt 0:00:20]} Bg5 {[%emt 0:01:39]} 28. Rxf8 {[%emt 0:04:37]} Qxf8 {[%emt 0:00:24]} 29. Bxg5 {[%emt 0:00:21]} hxg5 {[%emt 0:00:10]} 30. Qh5+ {[%emt 0:00:17]} Qh6 {[%emt 0:00:06]} 31. Qf7+ {[%emt 0:00:39]} Qg7 {[%emt 0:00:10]} 32. Qh5+ {[%emt 0:10:31]} Qh6 {[%emt 0:00:11]} 33. Qf7+ {[%emt 0:01:34]} Qg7 {[%emt 0:00:13]} 34. Qh5+ {[%emt 0:00:08]} Qh6 {[%emt 0:00:03]} 1/2-1/2